Croquis y siluetas militares; selección /

Guardado en:
Autor Principal: Gutiérrez, Eduardo
Formato: Libro
Publicado: Argentina : Eudeba, 1964
Edición:3a. ed.
Series:Del Siglo y Medio, 10
Materias:
Etiquetas: Agregar Etiqueta
Sin Etiquetas, Sea el primero en etiquetar este registro!
LEADER 00628nam a22002175a 4500
001 CEM.cems003095
005 19000101000000.0
008 130507s1964##################000#0#####d
003 CEMS
082 0 4 |a A863.2 
100 1 |a Gutiérrez, Eduardo 
245 1 0 |a Croquis y siluetas militares; selección /  |c Eduardo Gutiérrez 
250 |a 3a. ed. 
260 |a Argentina :  |b Eudeba,  |c 1964 
300 |a 165 p. 
490 0 |a Del Siglo y Medio, 10 
653 |a Literatura 
653 |a Literatura argentina 
653 |a Novela argentina-siglo 19 
653 |a Novelas 
859 |a CEMS  |b BIB. CEMS - 11 de abril  |h A863.2  |i G985-1a3  |p 14640.75  |t Ej.1